000 00807nam a2200253Ia 4500
003 OSt
005 20221005112335.0
006 a|||||r|||| 00| 0
007 ta
008 221004b |||||||| |||| 00| 0 pan d
020 _c100
024 _a15642
037 _b873, 14/08/2014, H.K. Prakashan
_cTextual
040 _aCRL
_cCRL
_bpan
041 _2pan
_apan
082 _aO153:g, P3
100 _aਮਾਨ, ਤੇਜਵੰਤ
245 0 _aਰੀਵਿਊਕਾਰੀ
260 _aਸੰਗਰੂਰ
_bਪੰਜਾਬੀ ਸਾਹਿਤ ਸਭਾ ਭਾਰਤ
_c2003
300 _a135ਪੰ
_ccm.
650 _aਪੰਜਾਬੀ ਸਾਹਿਤ
942 _hO153:g, P3
_cTEXL
_2cc
999 _c1024607
_d1024607